Analýza práce a popis pracovného miesta vo vybranej organizácii bakalárska práca

Salvato in:
Dettagli Bibliografici
Autore principale: Širillová, Anita
Ente Autore: Podnikovohospodárska fakulta EU so sídlom v Košiciach. Katedra manažmentu
Altri autori: Bosáková, Mária
Natura: Libro
Lingua:slovacco
Pubblicazione: Košice 2010
Tags: Aggiungi Tag
Nessun Tag, puoi essere il primo ad aggiungerne!!

MARC

LEADER 00000nbm a2200000 4500
001 0132727
005 20161109111439.4
041 0 |a slo 
044 |a SK 
245 1 0 |a Analýza práce a popis pracovného miesta vo vybranej organizácii  |b bakalárska práca  |c Anita Širillová ; školiteľ: Mária Bosáková 
264 1 |a Košice  |c 2010 
300 |a 68 s. 
100 1 |a Širillová, Anita 
700 1 |a Bosáková, Mária 
710 2 |a Podnikovohospodárska fakulta EU so sídlom v Košiciach. Katedra manažmentu